Представление документа в формате RUSMARC

ПолеНазваниеЗначение
  Тип записи a
  Библиографический уровень m
001 Контрольный номер RU/REG73/CBS_GRAD/0d3f5bcd0e6f421a80759de77cc1548f
005 Дата корректировки 20250610082803.8
010 Индекс ISBN __
9 Тираж 72 000 экз.
100 Данные общей обработки __
a Данные общей обработки 20250312a20250303|||u0rusy0189 ca
101 Язык документа 0_
a Язык текста rus
102 Страна публикации __
a Страна публикации RU
200 Заглавие и сведения об ответственности 1_
a Заглавие № 8 (664) (3 марта)
210 Выходные данные 1_
d Дата издания 2025
461 Уровень набора _0
1 2001
a Страна Росатом
e газета атомной отрасли
f учредитель ООО "НВМ-пресс"
v № 8 (664) (3 марта)
1 2101
a Москва
d 2010-
1 001RU/REG73/CBS_GRAD/69824d762cd54358bdeac17477725bee
1 300
a выходит еженедельно
1 333
a 16+
801 Источник записи _0
a Страна RU
b Организация RuCBSGrad
c Дата составления 20250312
g Правила каталогизации RCR
801 Источник записи _1
a Страна RU
b Организация RuCBSGrad
c Дата составления 20250312
g Правила каталогизации RCR
852 Данные о местонахождении __
a Наименование организации МБУК ЦБС г. Димитровграда
901 Тип документа __
t Тип документа h
w Контрольный № источника RU/REG73/CBS_GRAD/69824d762cd54358bdeac17477725bee
909 Создатель записи __
a Создатель записи Тенигина
b Дата создания записи 20250312